[Event "Noblesville Snow Memorial"]
[Site "Noblesville"]
[Date "2022.09.18"]
[Round "5"]
[White "Mu, Grant"]
[Black "Moradiabadi, Elshan"]
[Result "0-1"]
[WhiteElo "2031"]
[BlackElo "2629"]
[PlyCount "62"]
[EventDate "2022.09.16"]
[EventType "swiss"]
[EventRounds "5"]
[EventCountry "USA"]
[SourceTitle "EXT 2023"]
[Source "ChessBase"]
[SourceDate "2022.10.05"]
[SourceVersion "1"]
[SourceVersionDate "2022.10.05"]
[SourceQuality "1"]

1. d4 g6 2. c4 Bg7 3. g3 c5 4. d5 a6 5. Nc3 Bxc3+ 6. bxc3 d6 7. Bg2 Nf6 8. Nf3 Qa5 9. Qb3 0-0 10. 0-0 b5 11. Nd2 Nbd7 12. e4 Rb8 13. f4 bxc4 14. Qxc4 Nb6 15. Qd3 Na4 16. e5 Bf5 17. Qf3 dxe5 18. fxe5 Nd7 19. g4 Nxe5 20. Qg3 Nxg4 21. h3 Nxc3 22. Kh1 Ne2 23. Qe1 Ne3 24. Qxe2 Nxf1 25. Qxf1 Qc3 26. Nb3 Rxb3 27. Bh6 Qxa1 28. Qxa1 Rb1+ 29. Qxb1 Bxb1 30. Bxf8 Kxf8 31. a3 c4 0-1

[Event "Noblesville Snow Memorial"]
[Site "Noblesville"]
[Date "2022.09.17"]
[Round "3"]
[White "Mu, Grant"]
[Black "Sammons, Evan"]
[Result "1/2-1/2"]
[WhiteElo "2031"]
[BlackElo "2158"]
[PlyCount "77"]
[EventDate "2022.09.16"]
[EventType "swiss"]
[EventRounds "5"]
[EventCountry "USA"]
[SourceTitle "EXT 2023"]
[Source "ChessBase"]
[SourceDate "2022.10.05"]
[SourceVersion "1"]
[SourceVersionDate "2022.10.05"]
[SourceQuality "1"]

1. d4 Nf6 2. c4 e6 3. Nc3 Bb4 4. f3 c5 5. d5 b5 6. e4 d6 7. Nge2 bxc4 8. Nf4 e5 9. Nfe2 Nbd7 10. Ng3 Nb6 11. Be2 Ng8 12. 0-0 Ne7 13. f4 exf4 14. Bxf4 Ng6 15. Qc1 0-0 16. Nb5 Ne5 17. Bxe5 dxe5 18. Bxc4 a6 19. Na3 Bd7 20. Be2 Bxa3 21. bxa3 c4 22. Nf5 Bxf5 23. Rxf5 f6 24. Qe3 Nc8 25. Bg4 Rb8 26. Rf3 Qb6 27. Be6+ Kh8 28. Bxc8 Rfxc8 29. Qxb6 Rxb6 30. Rc3 Rb5 31. Rac1 Rbc5 32. Rb1 g6 33. Rb6 f5 34. Re6 fxe4 35. Rxe5 Rd8 36. Rxe4 Rdxd5 37. Rcxc4 Rxc4 38. Rxc4 Kg7 39. h4 1/2-1/2

[Event "Indianapolis Premier"]
[Site "Indianapolis"]
[Date "2021.09.24"]
[Round "1"]
[White "Fernandez, Nelson Wilfredo"]
[Black "Mu, Grant"]
[Result "1/2-1/2"]
[WhiteElo "1961"]
[BlackElo "1636"]
[PlyCount "109"]
[EventDate "2021.09.24"]
[EventType "swiss"]
[EventRounds "5"]
[EventCountry "USA"]
[SourceTitle "CBM 204 Extra"]
[Source "ChessBase"]
[SourceDate "2021.11.30"]
[SourceVersion "1"]
[SourceVersionDate "2021.11.30"]
[SourceQuality "1"]

1. d4 Nf6 2. c4 g6 3. Nc3 Bg7 4. e4 0-0 5. Nf3 d6 6. Be2 e5 7. d5 Na6 8. Qc2 Ne8 9. Be3 c6 10. Nd2 f5 11. f3 Bd7 12. h4 f4 13. Bf2 h6 14. 0-0-0 Nec7 15. Kb1 cxd5 16. exd5 b6 17. Nde4 Bf5 18. a3 Nc5 19. b4 Nb7 20. Bd3 Rc8 21. Qb3 Kh8 22. Rd2 Qd7 23. Rc1 Rb8 24. Nb5 Nxb5 25. cxb5 Nd8 26. Rdc2 Rf7 27. a4 Bf8 28. Rc4 Kg7 29. R1c3 Qb7 30. Rc6 Nxc6 31. bxc6 Qc7 32. Ka2 Bxe4 33. Bxe4 Be7 34. Qc2 Rf6 35. Kb1 Bd8 36. Kc1 Rc8 37. Kd1 Qb8 38. Qd3 Bc7 39. Qa6 Rcf8 40. Kc2 R6f7 41. Qd3 Rf6 42. Rb3 Qc8 43. a5 bxa5 44. bxa5 Bxa5 45. Bxa7 Qa8 46. Rb7+ R6f7 47. Qa6 Bc7 48. Bd3 Re7 49. Qa2 Rff7 50. Qb2 Qd8 51. Bf2 Qa8 52. Ra7 Qb8 53. Rb7 Qa8 54. Ra7 Qb8 55. Rb7 1/2-1/2